Ładuje się......
Culture and Criticism /
| 1. autor: | |
|---|---|
| Język: | Undetermined |
| Wydane: |
New Delhi :
B K Pubs Corporation ,
1987.
|
| Seria: | New world literature series,2
|
| LEADER | 00498nam a2200145Ia 4500 | ||
|---|---|---|---|
| 001 | 44502 | ||
| 008 | 170722s9999 xx 000 0 und d | ||
| 100 | |a Chandra, Suresh | ||
| 245 | |a Culture and Criticism / | ||
| 260 | |a New Delhi : |b B K Pubs Corporation , |c 1987. | ||
| 300 | |a Ppiii+109 |c 22.4cms | ||
| 490 | |a New world literature series,2 | ||
| 942 | |c GEN | ||
| 999 | |c 106247 |d 106247 | ||
| 952 | |0 0 |1 0 |4 0 |6 O_23G_M7 |7 0 |9 149724 |a LIB |b LIB |d 2017-08-12 |l 2 |o O-2,3:g M7 |p 201254 |r 2018-05-07 |s 2018-04-05 |v 95.00 |w 2017-08-12 |y GEN | ||